000 00413nam a2200145Ia 4500
008 230917s9999||||xx |||||||||||||| ||und||
040 _e36491
_aMAIN
041 _aEnglish
082 _a954.01 C429E
100 _aChhabra, B Ch
245 0 _aExpansion of Indo-Aryan culture during Pallava rule: as evidenced by inscriptions
260 _aDelhi
_bMunshi Ram Manohar Lal
_c1965
300 _a137 p.
942 _cBK
999 _c196658
_d196658